Poemas humanos (1923-1938) /
Uloženo v:
| Hlavní autor: | |
|---|---|
| Médium: | Neznámo |
| Jazyk: | Spanish |
| Vydáno: |
Perú :
Editorial Ausonia,
1959.
|
| Témata: | |
| Tagy: |
Přidat tag
Žádné tagy, Buďte první, kdo vytvoří štítek k tomuto záznamu!
|
MARC
| LEADER | 000000000a22000000004500 | ||
|---|---|---|---|
| 001 | 015616 | ||
| 041 | 0 | |a spa | |
| 082 | 0 | 4 | |a Pe861.4 |b V192po |
| 100 | 1 | |a Vallejo, César Abraham, |d 1892-1938 | |
| 245 | 1 | 0 | |a Poemas humanos (1923-1938) / |c César Abraham Vallejo. |
| 260 | 1 | |a Perú : |b Editorial Ausonia, |c 1959. | |
| 300 | |a 158 páginas : |b retratos ; |c 24 cm. | ||
| 650 | 4 | |a LITERATURA PERUANA | |
| 650 | 4 | |a POESIA PERUANA | |
| 999 | |c 21459 |d 21459 | ||
| 942 | |c BK |h Pe861.4 V192po |2 z | ||
